| 000 | 00440nam a22001817a 4500 | ||
|---|---|---|---|
| 003 | NUST | ||
| 020 | _a9788120346253 | ||
| 038 | _aKhadija | ||
| 082 |
_a681.2 _bGHO |
||
| 100 |
_aGhosh, Arun K. _986895 |
||
| 245 |
_aIntroduction to Measurements and Instrumentation / _cArun K. Ghosh |
||
| 250 | _a4th ed. | ||
| 260 |
_aNew Delhi: _bPHI Learning; _c2010. |
||
| 300 | _a810p. ; | ||
| 500 | _aPaperback. | ||
| 563 | _aPB | ||
| 942 |
_cBK _2ddc |
||
| 999 |
_c32435 _d32435 |
||